000 01214nmc a2200421 a 4500
003 AR-BaBNM
005 20251128204927.0
008 011101s1994 ||||||||||||||000 | spa||
020 _a84-277-1075-5
040 _cAR-BaBNM
100 1 _aClarke, John
245 1 0 _aHumanidades para todos en secundaria
260 _aMadrid
_bNarcea
_c1994
300 _a216 p.
_btablas, diagr.
490 0 _aSecundaria para todos
500 _aSe encuentran referencias bibliográficas al final de cada capítulo
504 _aBibliografía complementaria: p. 211-216
650 4 _aREFORMA DE LA EDUCACION
650 4 _aCURRICULO
650 4 _aDIDACTICA
650 4 _aHUMANIDADES
650 4 _aENSENANZA DE LA GEOGRAFIA
650 4 _aCIENCIAS SOCIALES
650 4 _aENSENANZA DE LA HISTORIA
650 4 _aEDUCACION AMBIENTAL
650 4 _aEDUCACION MORAL
650 4 _aEDUCACION CIVICA
650 4 _aROL DEL DOCENTE
650 4 _aTECNICAS DE ENSENANZA
650 4 _aMATERIAL DIDACTICO
650 4 _aFORMACION DE DOCENTES
651 4 _aReino Unido
653 _aEDUCACION SECUNDARIA
700 1 _aWrigley, Kathryn
700 1 _aSolana, Guillermo
_etraductor
942 _cBK
998 _csilvi
999 _c9365
_d9365